Sociálna politika v oblasti starostlivosti o zdravotne postihnutých občanov v SR kandidátska dizertačná práca

Saved in:
Bibliographic Details
Main Author: Krausová, Alena
Corporate Author: Vysoká škola ekonomická v Bratislave. Národohospodárska fakulta
Other Authors: Mihalik, Jozef
Format: Book
Language:Slovak
Published: Bratislava 1992
Subjects:
Tags: Add Tag
No Tags, Be the first to tag this record!

MARC

LEADER 00000nam a2200000 4500
001 c012885
005 20221214090557.3
041 0 |a slo 
044 |a SK 
245 1 0 |a Sociálna politika v oblasti starostlivosti o zdravotne postihnutých občanov v SR  |b kandidátska dizertačná práca  |c Alena Krausová ; Škol. Jozef Mihalik 
264 1 |a Bratislava  |c 1992 
300 |a 168 s. 
610 2 0 |a politika sociálna 
610 2 0 |a Slovensko 
610 2 0 |a starostlivosť sociálna 
610 2 0 |a starostlivosť o invalidov 
100 1 |a Krausová, Alena 
700 1 |a Mihalik, Jozef 
710 2 |a Vysoká škola ekonomická v Bratislave. Národohospodárska fakulta